Mixed Word: A-Z with W Quiz Stats

 Plays Quiz Updated Jul 31, 2017

Support Sporcle.
Go Orange.
Score 0/25 Timer 04:00
1 Play Today
Scrambled Word Answer % Correct
DROCWCROWD
92.2%
RAWORARROW
90.8%
DOWHYHOWDY
85.5%
BOWLEELBOW
82.5%
AGJSWIJIGSAW
79.6%
RAMRWOMARROW
74.4%
WOLSCSCOWL
72.4%
BRAINOWRAINBOW
70.3%
LOWLEYYELLOW
69.9%
WOLVEVOWEL
66.9%
RETYWQQWERTY
64%
REWEPTPEWTER
63.2%
TOWELOWLET
62.3%
Scrambled Word Answer % Correct
WEBAMBIZ*ZIMBABWE
58.2%
KETNIWLTWINKLE
54.4%
LABWYBYLAW
53.8%
RANWIDINWARD
47.1%
HENWPENEPHEW
45%
WROFOREDFOREWORD
37.2%
WEARDUNYUNDERWAY
35.1%
PUGNORWGROWNUP
33.2%
PAWLEDDEWLAP
20.7%
GEEKLDOWNKNOWLEDGE
13.8%
RARORTWYWWORRYWART
12%
KALEMRUWLUKEWARM
10.7%

You're not logged in!

Compare scores with friends on all Sporcle quizzes.
OR
Log In
Forgot?

From the Vault

Find the Next Word FAST!

by MSUKent

We'd recommend trying to limber up a bit before playing this quiz, you don't want to pull a hammy.
Remove Ads.
Support Sporcle.
Get the best of Sporcle when you Go Orange. This ad-free experience offers more features, more stats, and more fun while also helping to support Sporcle. Thank you for becoming a member.

Show Comments

Extras

Top Quizzes Today


Score Distribution

Your Account Isn't Verified!

In order to create a playlist on Sporcle, you need to verify the email address you used during registration. Go to your Sporcle Settings to finish the process.

Report this User

Report this user for behavior that violates our Community Guidelines.

Details: